[Event "GER-ch U25 op-A"]
[Site "Oberhof"]
[Date "2013.05.22"]
[Round "6"]
[White "Klosa, Kevin"]
[Black "Nobis, Philipp"]
[Result "1/2-1/2"]
[WhiteElo "1668"]
[BlackElo "1716"]
[PlyCount "47"]
[EventDate "2013.05.19"]
[EventType "swiss"]
[EventRounds "9"]
[EventCountry "GER"]
[SourceTitle "CBM 154 Extra"]
[Source "ChessBase"]
[SourceDate "2013.06.25"]
[SourceVersion "2"]
[SourceVersionDate "2013.06.25"]
[SourceQuality "1"]

1. d4 d5 2. Bf4 Bf5 3. Nf3 Nf6 4. e3 e6 5. c4 c6 6. Nc3 Be7 7. Qb3 Qb6 8. Nh4 Bg4 9. Bd3 Nbd7 10. h3 Bh5 11. Nf3 h6 12. g4 dxc4 13. Bxc4 Bg6 14. Ne5 Nxe5 15. Bxe5 Qxb3 16. Bxb3 0-0 17. Rc1 Ne4 18. Nxe4 Bxe4 19. 0-0 Bf3 20. a3 Rac8 21. Rc3 c5 22. Rfc1 b6 23. Ba4 a6 24. dxc5 1/2-1/2

[Event "GER-ch U25 op-A"]
[Site "Oberhof"]
[Date "2013.05.19"]
[Round "1"]
[White "Nobis, Philipp"]
[Black "Steingraeber, Kai Uwe"]
[Result "1/2-1/2"]
[WhiteElo "1716"]
[BlackElo "2169"]
[PlyCount "140"]
[EventDate "2013.05.19"]
[EventType "swiss"]
[EventRounds "9"]
[EventCountry "GER"]
[SourceTitle "CBM 154 Extra"]
[Source "ChessBase"]
[SourceDate "2013.06.25"]
[SourceVersion "2"]
[SourceVersionDate "2013.06.25"]
[SourceQuality "1"]

1. c4 c6 2. g3 d5 3. b3 Nf6 4. Nf3 Bf5 5. Bg2 h6 6. Bb2 e6 7. 0-0 Nbd7 8. d3 Be7 9. Nbd2 0-0 10. Qc2 Qc7 11. Rad1 Rfd8 12. Rfe1 Bh7 13. Qc3 a5 14. a3 Nc5 15. Qc2 b6 16. Ra1 Qb7 17. Bc3 Ncd7 18. Reb1 b5 19. cxb5 cxb5 20. b4 a4 21. Qb2 Rdc8 22. Rc1 Rc7 23. Rc2 Rac8 24. Rac1 Bd6 25. Nf1 Ng4 26. h3 Ngf6 27. Ne3 Rc6 28. Nd4 R6c7 29. Nf3 Bf8 30. Ne5 Nxe5 31. Bxe5 Rxc2 32. Rxc2 Nd7 33. Bd4 Rxc2 34. Qxc2 Bg6 35. f4 f6 36. f5 Bxf5 37. Nxf5 exf5 38. e3 Kh7 39. Qf2 g6 40. Qf3 Nb6 41. Bxf6 Bg7 42. Bxg7 Kxg7 43. Qf4 Qc6 44. Qd4+ Kh7 45. Qc5 Qe6 46. Kf2 g5 47. Qxb5 h5 48. Qc5 Qf6 49. b5 h4 50. gxh4 gxh4 51. Qc7+ Kg8 52. Qc6 Qb2+ 53. Kf3 Qe5 54. Qg6+ Kf8 55. Qh6+ Ke8 56. Qxh4 Kd7 57. Qh7+ Kc8 58. Qg8+ Kb7 59. Qf7+ Kb8 60. h4 d4 61. exd4 Qxd4 62. Qe8+ Nc8 63. Qe3 Qg4+ 64. Kf2 Qxh4+ 65. Qg3+ Qxg3+ 66. Kxg3 Kc7 67. Kf4 Ne7 68. Ke5 Kb6 69. Ke6 Ng6 70. Bc6 Nf4+ 1/2-1/2

[Event "Dresden ZMD op-C 21th"]
[Site "Dresden"]
[Date "2012.08.21"]
[Round "4"]
[White "Renger, Niklas"]
[Black "Nobis, Philipp"]
[Result "1-0"]
[WhiteElo "1669"]
[BlackElo "1667"]
[PlyCount "33"]
[EventDate "2012.08.18"]
[EventType "swiss"]
[EventRounds "9"]
[EventCountry "GER"]
[SourceTitle "CBM 150 Extra"]
[Source "ChessBase"]
[SourceDate "2012.10.19"]
[SourceVersion "1"]
[SourceVersionDate "2012.10.19"]
[SourceQuality "1"]

1. e4 c5 2. Nf3 Nc6 3. d4 cxd4 4. Nxd4 Nf6 5. Nc3 e6 6. g3 Bb4 7. Bg2 Qa5 8. Nde2 0-0 9. 0-0 Rd8 10. a3 Be7 11. Re1 a6 12. Bf4 e5 13. Bg5 h6 14. Bxf6 Bxf6 15. Nd5 Bg5 16. b4 Qb5 17. Nc7 1-0

[Event "GER-chB U25"]
[Site "Oberhof"]
[Date "2011.06.12"]
[Round "1"]
[White "Nobis, Philipp"]
[Black "Hoffmann, Rasmus"]
[Result "1-0"]
[WhiteElo "1396"]
[BlackElo "990"]
[PlyCount "61"]
[EventDate "2011.06.11"]
[EventType "swiss"]
[EventRounds "9"]
[EventCountry "GER"]
[SourceTitle "CBM 142 Extra"]
[Source "ChessBase"]
[SourceDate "2011.06.27"]
[SourceVersion "1"]
[SourceVersionDate "2011.06.27"]
[SourceQuality "1"]

1. c4 c5 2. g3 d6 3. Bg2 Nf6 4. Nc3 a6 5. e3 e6 6. Nge2 d5 7. cxd5 exd5 8. d4 c4 9. 0-0 Be6 10. Nf4 Be7 11. b3 b5 12. a4 b4 13. Nxe6 fxe6 14. Ne2 Ra7 15. Nf4 Qd7 16. Bh3 Kf7 17. Bxe6+ Qxe6 18. Nxe6 Kxe6 19. Bb2 c3 20. Bc1 a5 21. Ra2 Rc7 22. Rc2 Rhc8 23. Qe2 h5 24. f3 g6 25. e4 dxe4 26. fxe4 Nc6 27. d5+ Nxd5 28. exd5+ Kxd5 29. Qf3+ Ke6 30. Re2+ Ne5 31. Qf7+ 1-0

[Event "GER-ch U25 op"]
[Site "Willingen"]
[Date "2009.06.03"]
[Round "6"]
[White "Sailer, Fabian"]
[Black "Nobis, Philipp"]
[Result "1-0"]
[WhiteElo "1380"]
[BlackElo "1261"]
[PlyCount "91"]
[EventDate "2009.05.30"]
[EventType "swiss"]
[EventRounds "9"]
[EventCountry "GER"]
[SourceTitle "EXT 2010"]
[Source "ChessBase"]
[SourceDate "2010.11.25"]
[SourceVersion "1"]
[SourceVersionDate "2010.11.25"]
[SourceQuality "1"]

1. e4 d5 2. exd5 Nf6 3. Bb5+ Bd7 4. Bc4 Bg4 5. f3 Bf5 6. Nc3 c6 7. dxc6 Nxc6 8. d3 e6 9. Be3 Be7 10. Nge2 0-0 11. 0-0 Qc7 12. Bf4 Qb6+ 13. Kh1 Na5 14. Bb3 Nxb3 15. axb3 a6 16. Ng3 Bg6 17. Re1 Rfd8 18. Nge4 Bxe4 19. fxe4 Ng4 20. Qxg4 Bf6 21. Bg5 Bxg5 22. Qxg5 Qf2 23. Qc1 Rac8 24. Rf1 Qh4 25. Qf4 Qh5 26. Rf3 e5 27. Qf5 Qxf5 28. Rxf5 f6 29. Kg1 Kf7 30. Kf2 Ra8 31. Ke2 b5 32. Ra5 Rdc8 33. Kd2 Ke7 34. Rf1 Ke6 35. Rfa1 Rc6 36. Nxb5 Rb6 37. Rxa6 Raxa6 38. Rxa6 Rxa6 39. Nc7+ Kd7 40. Nxa6 Kc6 41. Nb4+ Kc5 42. Nd5 g6 43. b4+ Kb5 44. c4+ Ka4 45. Kc3 f5 46. Nb6# 1-0

[Event "GER-ch U25 op"]
[Site "Willingen"]
[Date "2009.05.30"]
[Round "1"]
[White "Stoevesand, Eric"]
[Black "Nobis, Philipp"]
[Result "1-0"]
[WhiteElo "1805"]
[BlackElo "1261"]
[PlyCount "61"]
[EventDate "2009.05.30"]
[EventType "swiss"]
[EventRounds "9"]
[EventCountry "GER"]
[SourceTitle "EXT 2010"]
[Source "ChessBase"]
[SourceDate "2010.11.25"]
[SourceVersion "1"]
[SourceVersionDate "2010.11.25"]
[SourceQuality "1"]

1. e4 d5 2. exd5 Nf6 3. d4 Nxd5 4. Nf3 e6 5. Bc4 Be7 6. 0-0 0-0 7. Re1 c6 8. Nbd2 Nd7 9. Nf1 N7f6 10. Ng3 h6 11. Bb3 Re8 12. c4 Nb6 13. Bf4 c5 14. Be5 cxd4 15. Bxd4 Qc7 16. Qc2 Nbd7 17. Qc3 a5 18. Bc2 Bb4 19. Qd3 Bxe1 20. Rxe1 Nc5 21. Qe3 Ncd7 22. Ne4 Ng4 23. Qd3 Nge5 24. Nxe5 Nxe5 25. Qg3 Nf3+ 26. Qxf3 Qxc4 27. Bc3 Qc7 28. Qg4 e5 29. Nf6+ Kf8 30. Qxg7+ Kxg7 31. Nxe8+ 1-0

[Event "GER-ch U25 op"]
[Site "Willingen"]
[Date "2008.05.17"]
[Round "9"]
[White "Nobis, Philipp"]
[Black "Hentschel, Tobias"]
[Result "0-1"]
[WhiteElo "1260"]
[BlackElo "1812"]
[PlyCount "74"]
[EventDate "2008.05.11"]
[EventType "swiss"]
[EventRounds "9"]
[EventCountry "GER"]
[SourceTitle "CBM 124 Extra"]
[Source "ChessBase"]
[SourceDate "2008.07.03"]
[SourceVersion "1"]
[SourceVersionDate "2008.07.03"]
[SourceQuality "1"]

1. e4 c5 2. Nf3 d6 3. d4 cxd4 4. Nxd4 g6 5. Nc3 Bg7 6. Be3 Nf6 7. f3 Nc6 8. Bc4 Bd7 9. Qd2 0-0 10. 0-0-0 Rb8 11. h4 Ne5 12. Bb3 b5 13. Bh6 Nc4 14. Qg5 a6 15. Bxg7 Kxg7 16. h5 h6 17. Qh4 g5 18. Qh2 a5 19. f4 Nh7 20. fxg5 Nxg5 21. Nf3 f6 22. e5 Nxe5 23. Nxg5 fxg5 24. Rhf1 a4 25. Bd5 Qb6 26. Be4 Qe3+ 27. Kb1 Bg4 28. Rde1 Rxf1 29. Rxf1 b4 30. Bd5 bxc3 31. Qxe5+ Qxe5 32. Bc4 Rxb2+ 33. Ka1 Be6 34. a3 Bxc4 35. g4 Ra2+ 36. Kb1 Qb5+ 37. Kc1 Ra1# 0-1

[Event "GER-ch U25"]
[Site "Willingen"]
[Date "2007.06.01"]
[Round "9"]
[White "Nobis, Philipp"]
[Black "Steimbach, Isabel"]
[Result "0-1"]
[WhiteElo "1103"]
[BlackElo "1166"]
[PlyCount "118"]
[EventDate "2007.05.26"]
[EventType "swiss"]
[EventRounds "9"]
[EventCountry "GER"]
[SourceTitle "CBM 118 Extra"]
[Source "ChessBase"]
[SourceDate "2007.07.04"]
[SourceVersion "1"]
[SourceVersionDate "2007.07.04"]
[SourceQuality "1"]

1. e4 e5 2. Nf3 Nc6 3. Bc4 Nf6 4. Nc3 Bb4 5. d3 d5 6. exd5 Nxd5 7. Bd2 Nxc3 8. Bxc3 Bxc3+ 9. bxc3 Bg4 10. 0-0 Na5 11. Bb3 0-0 12. h3 Bh5 13. Qe2 Bxf3 14. Qxf3 Rb8 15. Qe4 Qd6 16. Rfe1 Nxb3 17. cxb3 f6 18. Qc4+ Kh8 19. Re4 b5 20. Qb4 Qxd3 21. Rg4 Qd7 22. Rh4 Qe6 23. Qe4 f5 24. Qe3 a6 25. Qf3 Qg6 26. Qh5 Qxh5 27. Rxh5 Rbd8 28. Rh4 Rd7 29. g4 Kg8 30. Rh5 g6 31. Rh4 f4 32. Re1 Re8 33. g5 Kf8 34. Rg4 Rd3 35. Rh4 Re7 36. Rc1 Rd2 37. Ra1 Rc2 38. Rd1 Ke8 39. Rg4 Rxc3 40. h4 f3 41. Re4 Rc5 42. Re3 e4 43. Rde1 Rce5 44. Kh2 Kf7 45. Kg3 c5 46. Kf4 Rf5+ 47. Kg4 Rfe5 48. Kf4 c4 49. bxc4 bxc4 50. Rxe4 Rxe4+ 51. Rxe4 Rxe4+ 52. Kxe4 c3 53. Kd3 Ke6 54. Kxc3 Ke5 55. Kb4 Kd4 56. Ka5 Kd3 57. Kxa6 Ke2 58. a4 Kxf2 59. a5 Ke2 0-1

[Event "GER-ch U25"]
[Site "Willingen"]
[Date "2007.05.29"]
[Round "6"]
[White "Eggert, Andre"]
[Black "Nobis, Philipp"]
[Result "0-1"]
[WhiteElo "972"]
[BlackElo "1103"]
[PlyCount "86"]
[EventDate "2007.05.26"]
[EventType "swiss"]
[EventRounds "9"]
[EventCountry "GER"]
[SourceTitle "CBM 118 Extra"]
[Source "ChessBase"]
[SourceDate "2007.07.04"]
[SourceVersion "1"]
[SourceVersionDate "2007.07.04"]
[SourceQuality "1"]

1. e4 c5 2. Nf3 Nc6 3. Nc3 g6 4. Bb5 Bg7 5. 0-0 d6 6. h3 Bd7 7. d3 Nf6 8. Bg5 0-0 9. Qd2 a6 10. Bxc6 Bxc6 11. Ne2 Re8 12. c3 Qc7 13. Qe3 Rac8 14. a3 Qb6 15. Rab1 Qc7 16. d4 cxd4 17. cxd4 Bxe4 18. Rbc1 Qd7 19. Bxf6 Bxf3 20. Bxg7 Bxe2 21. Qxe2 Kxg7 22. d5 Rxc1 23. Rxc1 Rc8 24. Qd2 Rc7 25. Rc3 Qc8 26. h4 Rxc3 27. bxc3 h5 28. Kh2 Qc5 29. Qd4+ Qxd4 30. cxd4 Kf6 31. Kg3 Kf5 32. Kf3 b5 33. Ke3 e6 34. dxe6 Kxe6 35. Kd3 Kd5 36. f3 a5 37. g4 b4 38. gxh5 gxh5 39. axb4 axb4 40. f4 b3 41. Kc3 f5 42. Kxb3 Kxd4 43. Kc2 Ke4 0-1

[Event "GER-ch U25"]
[Site "Willingen"]
[Date "2007.05.29"]
[Round "5"]
[White "Nobis, Philipp"]
[Black "Breitwieser, Jasmin"]
[Result "0-1"]
[WhiteElo "1103"]
[BlackElo "1433"]
[PlyCount "84"]
[EventDate "2007.05.26"]
[EventType "swiss"]
[EventRounds "9"]
[EventCountry "GER"]
[SourceTitle "CBM 118 Extra"]
[Source "ChessBase"]
[SourceDate "2007.07.04"]
[SourceVersion "1"]
[SourceVersionDate "2007.07.04"]
[SourceQuality "1"]

1. e4 c5 2. Nf3 d6 3. d4 cxd4 4. Nxd4 Nf6 5. Nc3 e6 6. Be3 Be7 7. Bd3 Nc6 8. 0-0 0-0 9. Qf3 Ne5 10. Qd1 Bd7 11. Nf3 Bc6 12. Nxe5 dxe5 13. Qf3 Qc7 14. Qh3 Bb4 15. Bg5 Bxc3 16. Bxf6 gxf6 17. bxc3 Kh8 18. Qh6 Qe7 19. Rfe1 Rg8 20. Re3 Rg6 21. Qh4 Rag8 22. Rh3 Rxg2+ 23. Kf1 R8g7 24. Rg3 R2xg3 25. hxg3 Rg6 26. Kg2 Qf8 27. Rh1 Qg7 28. f3 Rg5 29. Kf2 f5 30. exf5 exf5 31. g4 e4 32. fxe4 fxe4 33. Bxe4 Bxe4 34. Re1 Bc6 35. Rd1 Qf6+ 36. Kg3 Qxc3+ 37. Kf2 Qxc2+ 38. Kg3 Qxd1 39. Kf4 Qd2+ 40. Kg3 Qe3+ 41. Kh2 Qe2+ 42. Kg3 Qf3+ 0-1

[Event "GER-ch U25"]
[Site "Willingen"]
[Date "2007.05.28"]
[Round "3"]
[White "Jorczik, Andreas Carlos"]
[Black "Nobis, Philipp"]
[Result "1-0"]
[WhiteElo "1842"]
[BlackElo "1103"]
[PlyCount "27"]
[EventDate "2007.05.26"]
[EventType "swiss"]
[EventRounds "9"]
[EventCountry "GER"]
[SourceTitle "CBM 118 Extra"]
[Source "ChessBase"]
[SourceDate "2007.07.04"]
[SourceVersion "1"]
[SourceVersionDate "2007.07.04"]
[SourceQuality "1"]

1. d4 d5 2. c4 e6 3. Nc3 c6 4. e3 Nf6 5. Nf3 Be7 6. Be2 Nbd7 7. c5 b6 8. b4 a5 9. Qa4 Bb7 10. bxa5 bxc5 11. a6 cxd4 12. Nxd4 Qc7 13. Rb1 Nc5 14. axb7 1-0

[Event "Sachsen-ch U10"]
[Site "Sebnitz"]
[Date "2007.04.11"]
[Round "2"]
[White "Schmuecker, Felix"]
[Black "Nobis, Philipp"]
[Result "0-1"]
[WhiteElo "1256"]
[BlackElo "985"]
[PlyCount "142"]
[EventDate "2007.04.10"]
[EventType "swiss"]
[EventRounds "7"]
[EventCountry "GER"]
[SourceTitle "EXT 2008"]
[Source "ChessBase"]
[SourceDate "2007.11.25"]
[SourceVersion "1"]
[SourceVersionDate "2007.11.25"]
[SourceQuality "1"]

1. e4 c5 2. d4 cxd4 3. c3 dxc3 4. Nxc3 Nc6 5. Bf4 g6 6. Nf3 Bg7 7. Nb5 d6 8. Qb3 Nf6 9. Nc3 Qa5 10. Qb5 0-0 11. Qxa5 Nxa5 12. Bd3 Bd7 13. 0-0 Nc6 14. Rfe1 Nb4 15. Rad1 Be6 16. a3 Nxd3 17. Rxd3 Rad8 18. Nd5 Nxd5 19. exd5 Bg4 20. Rd2 Rfe8 21. Bg5 Rd7 22. Rc2 Bf5 23. Rce2 f6 24. Bf4 Bf8 25. Nd4 g5 26. Bg3 Rdd8 27. b3 Bd7 28. Ra2 Rc8 29. Rc2 Rxc2 30. Nxc2 Bf5 31. Nd4 Bd7 32. Rc1 Rc8 33. Rxc8 Bxc8 34. a4 Bg7 35. h3 f5 36. Nf3 g4 37. hxg4 fxg4 38. Nd2 Bf8 39. b4 e6 40. Ne4 exd5 41. Nxd6 Bd7 42. b5 b6 43. Kf1 Kg7 44. Be5+ Kg6 45. Ke2 Bg7 46. Bxg7 Kxg7 47. Ke3 Kf6 48. Kf4 h5 49. g3 Ke6 50. Nf5 Kf6 51. Nd4 Be6 52. f3 gxf3 53. Nxf3 Kg6 54. Nd4 Kf6 55. Nf3 Bg4 56. Ne5 Bf5 57. Nc6 Bc2 58. Nd4 Bxa4 59. Kf3 Ke5 60. Ke3 Kd6 61. Nc6 Bxb5 62. Nxa7 Bc4 63. Nc8+ Kc7 64. Ne7 b5 65. Nf5 Kc6 66. Nd4+ Kc5 67. Nc2 b4 68. Kd2 b3 69. Ne1 Kb4 70. Kc1 Ka3 71. Kb1 b2 0-1